日立商法対松下商法

Bewaard in:
Bibliografische gegevens
Hoofdauteur: 三宅満(みやけ みつる)
Formaat: Boek
Taal:Undetermined
Gepubliceerd in: 東京 評言社 1979
Onderwerpen:
Tags: Voeg label toe
Geen labels, Wees de eerste die dit record labelt!
Thư viện lưu trữ: Trung tâm Học liệu Trường Đại học Cần Thơ
LEADER 00502nam a2200193Ia 4500
001 CTU_87358
008 210402s9999 xx 000 0 und d
082 |a 338.8 
082 |b M685 
100 |a 三宅満(みやけ みつる) 
245 0 |a 日立商法対松下商法 
245 0 |c 三宅満 
260 |a 東京 
260 |b 評言社 
260 |c 1979 
650 |a Corporation 
650 |z Japan 
904 |i Ngoc(Tuyến) 
980 |a Trung tâm Học liệu Trường Đại học Cần Thơ